书目信息 |
| 题名: |
中华人民共和国体育科技发展史
|
|
| 作者: | 黄汉升 主编 | |
| 分册: | ||
| 出版信息: | 北京 科学出版社 2024.12 |
|
| 页数: | 351页 | |
| 开本: | 26cm | |
| 丛书名: | ||
| 单 册: | ||
| 中图分类: | G812.97 | |
| 科图分类: | ||
| 主题词: | 体育--科学技术--技术史--中国--现代 | |
| 电子资源: | ||
| ISBN: | 978-7-03-080892-9 | |
| 000 | 00942nam0 2200241 450 | |
| 001 | 013604275 | |
| 005 | 20251022192802.09 | |
| 010 | @a978-7-03-080892-9@b精装@dCNY160.00 | |
| 100 | @a20250513d2024 em y0chiy0120 ea | |
| 101 | 0 | @achi |
| 102 | @aCN@b110000 | |
| 105 | @ay z 000yy | |
| 106 | @ar | |
| 200 | 1 | @a中华人民共和国体育科技发展史@9zhong hua ren min gong he guo ti yu ke ji fa zhan shi@f黄汉升主编 |
| 205 | @a2版 | |
| 210 | @a北京@c科学出版社@d2024.12 | |
| 215 | @a351页@d26cm | |
| 330 | @a本书以“科技兴体”战略为主线,系统梳理了体育科技政策演变、科研机构发展、学科建设深化、科技成果转化等方面的重要成就,深入阐述了体育科技在全民健身、竞技体育和体育产业等领域的应用与创新,充分反映了体育科技在国家重大赛事中的支撑作用。 | |
| 606 | 0 | @a体育@x科学技术@x技术史@y中国@z现代 |
| 690 | @aG812.97@v5 | |
| 701 | 0 | @a黄汉升@9huang han sheng@4主编 |
| 801 | 0 | @aCN@c20250910 |
| 905 | @a河南城建学院图书馆@dG812.97@eH836=2@ZH836=2@f1 | |
| 中华人民共和国体育科技发展史/黄汉升主编.-2版.-北京:科学出版社,2024.12 |
| 351页;26cm |
| ISBN 978-7-03-080892-9(精装):CNY160.00 |
| 本书以“科技兴体”战略为主线,系统梳理了体育科技政策演变、科研机构发展、学科建设深化、科技成果转化等方面的重要成就,深入阐述了体育科技在全民健身、竞技体育和体育产业等领域的应用与创新,充分反映了体育科技在国家重大赛事中的支撑作用。 |
| ● |
| 相关链接 |
|
|
|
正题名:中华人民共和国体育科技发展史
索取号:G812.97/H836=2
 
预约/预借
| 序号 | 登录号 | 条形码 | 馆藏地/架位号 | 状态 | 备注 |
| 1 | 1634432 | 216344329 | 社科库409/409社科库 21排3列3层/ [索取号:G812.97/H836=2] | 在馆 |